The power of IT : (Record no. 132271)
[ view plain ]
| 000 -LEADER | |
|---|---|
| fixed length control field | 00823nam a22002297a 4500 |
| 005 - DATE AND TIME OF LATEST TRANSACTION | |
| control field | 20170124110152.0 |
| 010 ## - LIBRARY OF CONGRESS CONTROL NUMBER | |
| LC control number | A-947189 |
| 020 ## - INTERNATIONAL STANDARD BOOK NUMBER | |
| Terms of availability | 00.00 |
| International Standard Book Number | 8186982019 |
| 035 ## - SYSTEM CONTROL NUMBER | |
| System control number | A-947189 |
| 037 ## - SOURCE OF ACQUISITION | |
| Source of stock number/acquisition | Cen Lib/Ret |
| 040 ## - CATALOGING SOURCE | |
| Original cataloging agency | DPL |
| Language of cataloging | EN |
| 082 ## - DEWEY DECIMAL CLASSIFICATION NUMBER | |
| Classification number | 658.4038 |
| Item number | BRA |
| 100 ## - MAIN ENTRY--PERSONAL NAME | |
| Personal name | Braithwaite, Timothy |
| 9 (RLIN) | 34182 |
| 245 ## - TITLE STATEMENT | |
| Title | The power of IT : |
| Statement of responsibility, etc | by Timothy Braithwaite |
| Remainder of title | maximizing your technology investments / |
| 260 ## - PUBLICATION, DISTRIBUTION, ETC. (IMPRINT) | |
| Place of publication, distribution, etc | Mumbai |
| Name of publisher, distributor, etc | Business Publications |
| Date of publication, distribution, etc | 1997 |
| 270 ## - ADDRESS | |
| Address | 229/A, Second floor, Krantiveer Rajguru Marg, Girgaon |
| City | Mumbai |
| Postal code | 400004 |
| 300 ## - PHYSICAL DESCRIPTION | |
| Extent | xi,150p. : |
| Dimensions | 21cm(Hb) |
| Other physical details | ill. |
| 500 ## - GENERAL NOTE | |
| General note | Includes bibliographical references and index |
| 650 ## - SUBJECT ADDED ENTRY--TOPICAL TERM | |
| Topical term or geographic name as entry element | Information resources management |
| 9 (RLIN) | 34183 |
| 650 ## - SUBJECT ADDED ENTRY--TOPICAL TERM | |
| Topical term or geographic name as entry element | Information technology--Management |
| 9 (RLIN) | 34184 |
| 942 ## - ADDED ENTRY ELEMENTS (KOHA) | |
| Source of classification or shelving scheme | Dewey Decimal Classification |
| Koha item type | English Books |
| Classification part | 658.4038 |
| Call number suffix | BRA |
| Withdrawn status | Lost status | Damaged status | Not for loan | Home library | Current library | Date acquired | Source of acquisition | Cost, normal purchase price | Total Checkouts | Full call number | Barcode | Date last seen | Copy number | Cost, replacement price | Price effective from | Koha item type | Public note |
|---|---|---|---|---|---|---|---|---|---|---|---|---|---|---|---|---|---|
| Written off | Central Library | Central Library | 21/07/2015 | Cen Lib/Ret | 0.00 | 658.4038 BRA | A-947189 | 21/07/2015 | 1 | 0.00 | 21/07/2015 | English Books | Written off on approval by DLB (By Circulation); dtd 15-06-2023 |
